Estadísticas para Ciudades españolas con estación de AVE

Haz click aquí para intentar la prueba.

Estadísticas generales

  • Esta prueba ha sido intentada 106 veces
  • La puntuación promedio es 17 de 29

Estadísticas de respuestas

Ciudad% Correcto
Barcelona
98%
Madrid
95%
Sevilla
95%
Valencia
92%
Zaragoza
88%
Málaga
87%
Alicante
83%
Córdoba
82%
Tarragona
82%
Valladolid
82%
Murcia
79%
Granada
76%
León
71%
Lleida
71%
Ciudad Real
70%
Toledo
69%
Albacete
68%
Segovia
67%
Cuenca
57%
Zamora
55%
Ourense
42%
Elche
32%
Puertollano
29%
Calatayud
21%
Antequera
19%
Villena
15%
Talavera de La Reina
14%
Plasencia
6%
Villanueva de Córdoba
1%

Distribución de puntuación

Porcentaje por número respondido

Porcentaje de gente con cada puntuación

Historial de tus puntuaciones

No has intentado esta prueba.